Catálogo

Vista normal Vista MARC

Entrada Corporate Name

Número de registros utilizados en: 2

001 - CONTROL NUMBER

  • control field: 6336

003 - CONTROL NUMBER IDENTIFIER

  • control field: DLC

005 - DATE AND TIME OF LATEST TRANSACTION

  • control field: 20211018095619.0

008 - FIXED-LENGTH DATA ELEMENTS

  • fixed length control field: 811104n| azannaab |a ana

010 ## - LIBRARY OF CONGRESS CONTROL NUMBER

  • LC control number: 81108725

035 ## - SYSTEM CONTROL NUMBER

  • System control number: (OCoLC)oca00653782

035 ## - SYSTEM CONTROL NUMBER

  • System control number: (DLC)n 81108725

040 ## - CATALOGING SOURCE

  • Original cataloging agency: DLC
  • Language of cataloging: spa
  • Description conventions: rda
  • Transcribing agency: Mx-PuUPA
  • Modifying agency: DLC
  • Modifying agency: NN
  • Modifying agency: DLC-S
  • Modifying agency: DLC
  • Modifying agency: Mx-PuUPA

110 2# - HEADING--CORPORATE NAME

  • Corporate name or jurisdiction name as entry element: Institute for Latin American Integration,

374 ## - OCCUPATION

  • Occupation: Autor

377 ## - ASSOCIATED LANGUAGE

  • Language code: eng

410 2# - SEE FROM TRACING--CORPORATE NAME

  • Corporate name or jurisdiction name as entry element: BID-INTAL

410 2# - SEE FROM TRACING--CORPORATE NAME

  • Corporate name or jurisdiction name as entry element: I.N.T.A.L.

410 2# - SEE FROM TRACING--CORPORATE NAME

  • Corporate name or jurisdiction name as entry element: Instituto para la Integración de América Latina

410 2# - SEE FROM TRACING--CORPORATE NAME

  • Corporate name or jurisdiction name as entry element: INTAL

410 2# - SEE FROM TRACING--CORPORATE NAME

  • Control subfield: nna
  • Corporate name or jurisdiction name as entry element: Inter-American Development Bank.
  • Subordinate unit: Institute for Latin American Integration

510 2# - SEE ALSO FROM TRACING--CORPORATE NAME

  • Corporate name or jurisdiction name as entry element: Institute for the Integration of Latin America and the Caribbean

670 ## - SOURCE DATA FOUND

  • Source citation: Inter-American Development Bank.
  • Information found: Activities of the Institute ... 1968?

670 ## - SOURCE DATA FOUND

  • Source citation: Correa, C. Regulación de la inversión extranjera en América Latina y el Caribe, 1984:
  • Information found: cover (Instituto para la Integración de América Latina)

670 ## - SOURCE DATA FOUND

  • Source citation: La Dimensión parlamentaria de los procesos de integración regional, 1990:
  • Information found: t. 1, t.p. (Banco Interamericano de Desarrollo, Instituto para la Integración de América Latina--BID-INTAL)

670 ## - SOURCE DATA FOUND

  • Source citation: Information from 678 converted Dec. 12, 2014
  • Information found: (established by the Board of Executive Directors of the Inter-American Development Bank (IDB) on Dec. 3, 1964; began its activities in Aug. 1965)

670 ## - SOURCE DATA FOUND

  • Source citation: Biblioteca del congreso (Estados Unidos), 13 diciembre 2017:
  • Information found: catálogo electrónico
  • Uniform Resource Identifier: https://goo.gl/WMAHcp

675 ## - SOURCE DATA NOT FOUND

  • Source citation: Integración & comercio, enero/abr. 1996: cover (Instituto para la Integración de América Latina y el Caribe); Enero-abr. 1997: cover p. 3 (Instituto para la Integracion de America Latina y el Caribe (INTAL)); OCLC #36773982 (Integration & trade, Jan.-Apr. 1997: Inter-American Development Bank, Institute for the Integration of Latin America and the Caribbean)